Revisando investigaciones. (Registro nro. 785)
[ vista simple ]
| 000 -LEADER | |
|---|---|
| fixed length control field | 00903 am a2200253 a 4500 |
| 005 - FECHA ULTIMA MODIFICACION | |
| control field | 20240701131739.0 |
| 008 - CAMPO DE CONTROL (LIBRO) | |
| fixed length control field | 100930s1996||||xxud f |||| 001 0 spa d |
| 020 ## - INTERNATIONAL STANDARD BOOK NUMBER | |
| ISBN | 9275321787 |
| 041 ## - CODIGO DE IDIOMA | |
| Código de idioma del texto/pista de sonido o título separado | spa |
| 092 ## - SIGNATURA TOPOGRAFICA DEWEY LOCAL | |
| número de clasificación | 507.2 |
| libristica | 48 |
| sección | LIG |
| 100 1# - ENTRADA PRINCIPAL--NOMBRE PERSONAL | |
| Nombre personal | Light, Richard J. |
| 9 (RLIN) | 1272 |
| 245 ## - TITULO PROPIAMENTE DICHO | |
| Título | Revisando investigaciones. |
| Subtítulo y Título paralelo | La ciencia de sintetizar estudios / |
| Mención de responsabilidad y remanente de la transcripción de la portada | Richard J. Light |
| 250 ## - MENCION DE EDICION | |
| Mención de edición | 1a ed. |
| 260 ## - PIE DE IMPRENTA | |
| Lugar de publicación, distribución, etc | Washington: |
| Nombre de la editorial, distribuidor, etc | OPS/OMS; |
| Fecha de publicación | 1996. |
| 300 ## - DESCRIPCION FISICA | |
| Extension | 175 p. |
| 500 ## - NOTA GENERAL | |
| Nota general | Ligth, R. J. y Pillemer, D. B. (1996). Revisando investigaciones. La ciencia de sintetizar estudios. (1a ed.). Washington : OPS/OMS. |
| 653 ## - TÉRMINO INDIZADO - PALABRAS CLAVES | |
| Palabra clave | Organizando una estrategia de revisión |
| 653 ## - TÉRMINO INDIZADO - PALABRAS CLAVES | |
| Palabra clave | Procedimientos cuantitativos |
| 653 ## - TÉRMINO INDIZADO - PALABRAS CLAVES | |
| Palabra clave | Números y narraciones: la división del trabajo |
| 653 ## - TÉRMINO INDIZADO - PALABRAS CLAVES | |
| Palabra clave | Preguntas claves para evaluar las revisiones |
| 700 1# - ENTRADAS SECUNDARIAS - NOMBRE PERSONAL | |
| Nombre personal | Pillemer, David B. |
| 9 (RLIN) | 1273 |
| 930 ## - NUMERO DE INVENTARIO | |
| Número de inventario | 974 |
| 942 ## - ADDED ENTRY ELEMENTS (KOHA) | |
| Source of classification or shelving scheme | Dewey Decimal Classification |
| Item type | Libros |
| Estado de retiro | Existencia | Estado general | No para prestamo | Ubicación permanente | ubicación actual | Sala de ubicación | Fecha de adquisición | Total Checkouts | Número de clasificación | Código de barras | Date last seen | Número de ejemplar | Price effective from | Koha tipo de elemento (item) |
|---|---|---|---|---|---|---|---|---|---|---|---|---|---|---|
| Biblioteca Medicina | Biblioteca Medicina | Circulación | 13/05/2011 | 507.2 48 LIG | 974 | 06/11/2014 | ej.1 | 13/05/2011 | Libros |